Kdo štěká, nekouše /
Devátý, prázdninový případ svérázné učitelky Josefíny Divíškové.
Uloženo v:
| Série: | Josefína Divíšková,
část 9 |
|---|---|
| Hlavní autor: | |
| Médium: | Kniha |
| Jazyk: | Czech |
| Vydáno: |
Praha :
Mystery Press,
2026
|
| Vydání: | 1. vydání |
| Témata: | |
| Celkem bylo vypůjčeno: | 1x |
| Příbuzné jednotky: | Z cyklu::
Josefína Divíšková |
| Tagy: |
Žádné tagy |
| LEADER | 02419nam a2200385 i 4500 | ||
|---|---|---|---|
| 001 | 106143 | ||
| 003 | CZ PrNK | ||
| 005 | 20260415120044.0 | ||
| 007 | ta | ||
| 008 | 260324s2026 xr a g 000 f cze | ||
| 015 | |a cnb003747117 | ||
| 020 | |a 9788077070843 |q (vázáno) | ||
| 040 | |a ABG001 |b cze |d BOA001 |e rda | ||
| 072 | 7 | |a 821.162.3-3 |x Česká próza |2 Konspekt |9 25 | |
| 080 | |a 821.162.3-31 |2 MRF | ||
| 080 | |a (0:82-312.4) |2 MRF | ||
| 100 | 1 | |a Rejfová, Marie, |d 1976- |7 kv2015883722 |4 aut |9 113401 | |
| 245 | 1 | 0 | |a Kdo štěká, nekouše / |c Marie Rejfová |
| 250 | |a 1. vydání | ||
| 264 | 1 | |a Praha : |b Mystery Press, |c 2026 | |
| 300 | |a 247 stran : |b ilustrace ; |c 22 cm | ||
| 336 | |a text |b txt |2 rdacontent | ||
| 337 | |a bez média |b n |2 rdamedia | ||
| 338 | |a svazek |b nc |2 rdacarrier | ||
| 520 | 2 | |a Devátý, prázdninový případ svérázné učitelky Josefíny Divíškové. |b V městečku Brod vrcholí léto a Josefína je přesvědčená, že jedinou prázdninovou zábavou bude malování a výcvik neposlušného voříška Otravy. Neplánovaně však přijíždí její svéhlavý syn Vincent, a aby toho nebylo málo, komisař Tvrdík ji požádá o dozor nad svou dospívající dcerou Lídou. Když navíc dojde k vraždě místního podnikatele, Josefíně je naprosto jasné, že se rozhodně nudit nebude. S energií sobě vlastní se zaplete do vyšetřování, a i když toho spoustu odhalí, zároveň způsobí jako obvykle plno zmatků. Co bylo motivem násilné smrti Bořka Votočky? Nevěra, závist nebo peníze? Stopy vedou různými směry a okruh podezřelých záhy roste. Je vrahem bratr mrtvého, zkroušená vdova, švagrová, nebo snad nespokojený věřitel? Tomu všemu se věčně hašteřící duo Divíšková-Tvrdík snaží přijít na kloub, a co je nejhorší, okolnosti navíc donutí Josefínu začít běhat... Nakladatelská anotace. | |
| 655 | 7 | |a české romány |7 fd133974 |2 czenas |9 54031 | |
| 655 | 7 | |a detektivní romány |7 fd132010 |2 czenas |9 53536 | |
| 655 | 9 | |a Czech fiction |2 eczenas | |
| 655 | 9 | |a detective novels |2 eczenas | |
| 710 | 2 | |a Mystery Press (nakladatelství) |7 xx0232336 |4 pbl |9 117211 | |
| 787 | 0 | 8 | |i Z cyklu: |t Josefína Divíšková |g 9 |
| 910 | |a UOG502 | ||
| 942 | |2 ddc |c KN | ||
| 999 | |d 106143 | ||
| 993 | |0 0 |1 421180106868 |2 ddc |4 0 |7 0 |9 99455 |b 0 |c 106868 |d 2026-04-15 |e 1 |f DOSP |h 399.00 |i Koupě |l DOSP |q 2026-05-27 |r 2026-04-15 |s 2026-04-15 |t 6 |w 2026-04-15 |y KN |z KRIMI |n | ||